000 00345nam a22001217a 4500
020 _a0201657597
082 _222
_a005.1
100 _aGoldfedder, Brandon.
245 _aThe joy of patterns using patters for enterprise development /
260 _aUSA,
_bJohn Wiley and Sons,
_cc2004.
300 _axvi, 366p. ;
_bill. ;
_c25 cm.
942 _2ddc
_cIT
_02
999 _c2145
_d2145